[Event "Izhevsk Corporation Cup 6th"]
[Site "Izhevsk"]
[Date "2014.07.15"]
[Round "4"]
[White "Pushin, Vladimir"]
[Black "Karavaeva, Nadezhda"]
[Result "1-0"]
[WhiteElo "2353"]
[BlackElo "2022"]
[PlyCount "69"]
[EventDate "2014.07.12"]
[EventType "swiss"]
[EventRounds "9"]
[EventCountry "RUS"]
[SourceTitle "CBM 161 Extra"]
[Source "ChessBase"]
[SourceDate "2014.08.29"]
[SourceVersion "1"]
[SourceVersionDate "2014.08.29"]
[SourceQuality "1"]

1. Nf3 d5 2. b3 c5 3. e3 Nc6 4. Bb5 Bg4 5. Bb2 Nf6 6. h3 Bxf3 7. Qxf3 a6 8. Bxc6+ bxc6 9. d3 Qc7 10. Nd2 Nd7 11. c4 e6 12. 0-0 Bd6 13. Bxg7 Rg8 14. Bb2 Rg6 15. cxd5 cxd5 16. e4 Bf4 17. Rfd1 Ke7 18. exd5 Rag8 19. dxe6 Rxg2+ 20. Qxg2 Rxg2+ 21. Kxg2 fxe6 22. Nf3 Qb7 23. Re1 Qd5 24. Re4 e5 25. Rae1 Kd6 26. d4 cxd4 27. Bxd4 Qa5 28. R1e2 Qb5 29. Bxe5+ Bxe5 30. Nxe5 Nxe5 31. Rxe5 Qd3 32. Re6+ Kc5 33. R2e5+ Kb4 34. Re4+ Kb5 35. a3 1-0

[Event "Izhevsk Corporation Cup 6th"]
[Site "Izhevsk"]
[Date "2014.07.13"]
[Round "2"]
[White "Karavaeva, Nadezhda"]
[Black "Fotin, Vladimir"]
[Result "1/2-1/2"]
[WhiteElo "2022"]
[BlackElo "2315"]
[PlyCount "120"]
[EventDate "2014.07.12"]
[EventType "swiss"]
[EventRounds "9"]
[EventCountry "RUS"]
[SourceTitle "CBM 161 Extra"]
[Source "ChessBase"]
[SourceDate "2014.08.29"]
[SourceVersion "1"]
[SourceVersionDate "2014.08.29"]
[SourceQuality "1"]

1. e4 e5 2. Nf3 Nc6 3. Bb5 a6 4. Ba4 Nf6 5. 0-0 b5 6. Bb3 Bc5 7. d3 d6 8. c3 h6 9. h3 0-0 10. Qe2 Bb6 11. a4 Rb8 12. axb5 axb5 13. Bd2 Ne7 14. Na3 c6 15. Nc2 Ng6 16. Kh2 Qe7 17. Nb4 Bb7 18. Be3 Bxe3 19. Qxe3 c5 20. Nc2 c4 21. dxc4 bxc4 22. Bxc4 Bxe4 23. Nb4 Rfc8 24. Nd2 Bb7 25. Ra7 Rc7 26. Rfa1 d5 27. Qb6 dxc4 28. Na6 Rbc8 29. Nxc7 Rxc7 30. Nxc4 Rd7 31. Ne3 Be4 32. Rxd7 Nxd7 33. Qc7 Qe8 34. f3 Bd3 35. Rd1 e4 36. fxe4 Nde5 37. Nf5 Qb5 38. c4 Qb3 39. Rd2 Bxc4 40. Ne7+ Kh7 41. Nxg6 Nxg6 42. Rd4 Be6 43. Qc3 Qxc3 44. bxc3 Ne5 45. Ra4 Kg6 46. Kg3 Kf6 47. Ra8 g5 48. h4 gxh4+ 49. Kxh4 Ng6+ 50. Kg3 h5 51. Ra5 h4+ 52. Kf3 Ke7 53. Ke3 Kd6 54. Rb5 h3 55. gxh3 Bxh3 56. Kd4 Bd7 57. Rd5+ Ke6 58. Ra5 Bc6 59. c4 Ne7 60. Ra6 Kd6 1/2-1/2

[Event "Izhevsk Corporation Cup 5th"]
[Site "Izhevsk"]
[Date "2013.07.17"]
[Round "6"]
[White "Vaseptsov, Maxim"]
[Black "Karavaeva, Nadezhda"]
[Result "1-0"]
[WhiteElo "2207"]
[BlackElo "2044"]
[PlyCount "53"]
[EventDate "2013.07.11"]
[EventType "swiss"]
[EventRounds "9"]
[EventCountry "RUS"]
[SourceTitle "EXT 2014"]
[Source "ChessBase"]
[SourceDate "2013.11.20"]
[SourceVersion "1"]
[SourceVersionDate "2013.11.20"]
[SourceQuality "1"]

1. e4 c5 2. Nf3 e6 3. d4 cxd4 4. Nxd4 Nf6 5. Nc3 Bb4 6. e5 Nd5 7. Qg4 g6 8. Qg3 d6 9. Bb5+ Bd7 10. 0-0 Bxc3 11. bxc3 dxe5 12. Qxe5 0-0 13. c4 Nc7 14. Ba3 Re8 15. Rad1 f6 16. Qd6 e5 17. Nb3 Nxb5 18. cxb5 Qc8 19. f4 Bg4 20. fxe5 Bxd1 21. exf6 Kf7 22. Rxd1 Qd7 23. Qxd7+ Nxd7 24. Rxd7+ Kxf6 25. Kf2 Rac8 26. Nd4 Rcd8 27. Be7+ 1-0

[Event "Izhevsk Corporation Cup 5th"]
[Site "Izhevsk"]
[Date "2013.07.13"]
[Round "2"]
[White "Yuffa, Daniil"]
[Black "Karavaeva, Nadezhda"]
[Result "1-0"]
[WhiteElo "2373"]
[BlackElo "2044"]
[PlyCount "57"]
[EventDate "2013.07.11"]
[EventType "swiss"]
[EventRounds "9"]
[EventCountry "RUS"]
[SourceTitle "EXT 2014"]
[Source "ChessBase"]
[SourceDate "2013.11.20"]
[SourceVersion "1"]
[SourceVersionDate "2013.11.20"]
[SourceQuality "1"]

1. c4 Nf6 2. g3 h5 3. Nf3 d6 4. d4 c6 5. Bg2 Bf5 6. Nc3 Qd7 7. 0-0 Bh3 8. e4 Bxg2 9. Kxg2 e6 10. d5 Be7 11. e5 Ng4 12. exd6 Qxd6 13. h3 Nf6 14. Bf4 Qb4 15. dxe6 fxe6 16. Qe2 Nbd7 17. Qxe6 Nc5 18. Qe2 Kf8 19. a3 Qb6 20. Ng5 Nh7 21. Nxh7+ Rxh7 22. Rfe1 g5 23. Qc2 Rf7 24. Rxe7 Kxe7 25. Bxg5+ Kd7 26. Rd1+ Ke8 27. Re1+ Kd7 28. Qd2+ Kc7 29. Bf4+ 1-0

[Event "Izhevsk Corporation Cup 5th"]
[Site "Izhevsk"]
[Date "2013.07.12"]
[Round "1"]
[White "Karavaeva, Nadezhda"]
[Black "Musakaev, Emil"]
[Result "1-0"]
[WhiteElo "2044"]
[BlackElo "2354"]
[PlyCount "87"]
[EventDate "2013.07.11"]
[EventType "swiss"]
[EventRounds "9"]
[EventCountry "RUS"]
[SourceTitle "EXT 2014"]
[Source "ChessBase"]
[SourceDate "2013.11.20"]
[SourceVersion "1"]
[SourceVersionDate "2013.11.20"]
[SourceQuality "1"]

1. e4 c5 2. Nf3 d6 3. d4 cxd4 4. Nxd4 Nf6 5. Nc3 a6 6. Be2 e5 7. Nb3 Be7 8. 0-0 0-0 9. Kh1 Nc6 10. f4 b5 11. Bf3 Bb7 12. a3 exf4 13. Bxf4 Ne5 14. Nd4 Re8 15. Nf5 Bf8 16. Bg5 h6 17. Bxf6 Qxf6 18. Qd4 g6 19. Ne3 Bg7 20. Ned5 Qd8 21. Qf2 Rc8 22. Rad1 Rc4 23. Be2 Bxd5 24. Rxd5 Rc6 25. Rd2 Qc8 26. Bd3 Qe6 27. Nd5 Ng4 28. Qa7 h5 29. h3 Ne5 30. Rdf2 Qd7 31. Qxd7 Nxd7 32. Rxf7 Nc5 33. Ne7+ Rxe7 34. Rxe7 Bxb2 35. Be2 Be5 36. Rff7 Ne6 37. Bd3 Nf4 38. Rc7 Rxc7 39. Rxc7 Ne6 40. Ra7 Nc5 41. a4 bxa4 42. Bxa6 Nxe4 43. Bc4+ Kh8 44. Rxa4 1-0

[Event "Izhevsk Corporation Cup-A 4th"]
[Site "Izhevsk"]
[Date "2012.07.18"]
[Round "4"]
[White "Makarenko, Alexandra"]
[Black "Karavaeva, Nadezhda"]
[Result "1-0"]
[WhiteElo "2141"]
[BlackElo "2027"]
[PlyCount "95"]
[EventDate "2012.07.15"]
[EventType "swiss"]
[EventRounds "9"]
[EventCountry "RUS"]
[SourceTitle "EXT 2013"]
[Source "ChessBase"]
[SourceDate "2012.11.22"]
[SourceVersion "1"]
[SourceVersionDate "2012.11.22"]
[SourceQuality "1"]

1. e4 c5 2. Nf3 e6 3. d4 cxd4 4. Nxd4 a6 5. Bd3 Nc6 6. Nxc6 bxc6 7. c4 d5 8. cxd5 cxd5 9. exd5 Qxd5 10. Nc3 Qe5+ 11. Be4 Ra7 12. Be3 Bc5 13. Qa4+ Bd7 14. Qa5 Rc7 15. f4 Qd6 16. Rd1 Bb4 17. Rxd6 Bxa5 18. Rxa6 Bxc3+ 19. bxc3 Rxc3 20. Kd2 Rc8 21. Rc1 Ne7 22. a4 Rxc1 23. Kxc1 0-0 24. Ra7 Rc8+ 25. Kb2 Bc6 26. Bxc6 Nxc6 27. Rd7 Na5 28. Bd4 h5 29. Bc3 Nc4+ 30. Kb3 Ne3 31. a5 Nxg2 32. a6 Nxf4 33. a7 Ra8 34. Rb7 Rxa7 35. Rxa7 f6 36. Kc4 e5 37. Bd2 Ne6 38. Kd5 Nd4 39. Be3 Nf5 40. Bf2 Kh7 41. Ke6 Kg6 42. Ra3 Kg5 43. Rf3 g6 44. Bb6 h4 45. Rf1 e4 46. Rg1+ Kh5 47. Kxf6 h3 48. Rg5+ 1-0

[Event "RUS-ch (Women) 1st League 61st"]
[Site "Ivanovo"]
[Date "2011.03.01"]
[Round "9"]
[White "Mirzoeva, Elmira"]
[Black "Karavaeva, Nadezhda"]
[Result "1-0"]
[WhiteElo "2216"]
[BlackElo "1979"]
[PlyCount "85"]
[EventDate "2011.02.21"]
[EventType "swiss"]
[EventRounds "9"]
[EventCountry "RUS"]
[SourceTitle "CBM 141 Extra"]
[Source "ChessBase"]
[SourceDate "2011.05.03"]
[SourceVersion "1"]
[SourceVersionDate "2011.05.03"]
[SourceQuality "1"]

1. d4 Nf6 2. Nf3 e6 3. Bg5 h6 4. Bh4 c5 5. e3 cxd4 6. exd4 b6 7. c3 Bb7 8. Bd3 Be7 9. 0-0 d6 10. Nbd2 Nbd7 11. a4 a6 12. Qe2 0-0 13. Nc4 Re8 14. Bg3 Qc7 15. h3 Bc6 16. Rfc1 Bf8 17. b4 Nd5 18. Ne3 Nxe3 19. fxe3 Bb7 20. a5 e5 21. e4 Qd8 22. d5 f5 23. Nh4 fxe4 24. Bxe4 Qg5 25. Nf5 Nf6 26. Bh4 Qh5 27. g4 Qf7 28. Rf1 Be7 29. Bxf6 Qxf6 30. axb6 Bf8 31. c4 Qd8 32. Qf2 Qd7 33. c5 dxc5 34. bxc5 Rac8 35. c6 Rxc6 36. dxc6 Bxc6 37. Rad1 Qb7 38. Ne7+ Qxe7 39. Bxc6 Rb8 40. b7 Qa3 41. Qf3 Bc5+ 42. Kh1 Qb2 43. Rb1 1-0

[Event "PriFR-ch (Women) 10th"]
[Site "Perm"]
[Date "2011.01.08"]
[Round "7"]
[White "Karavaeva, Nadezhda"]
[Black "Grebennikova, Tatyana"]
[Result "1-0"]
[WhiteElo "1979"]
[BlackElo "1981"]
[PlyCount "101"]
[EventDate "2011.01.04"]
[EventType "swiss"]
[EventRounds "9"]
[EventCountry "RUS"]
[SourceTitle "EXT 2022"]
[Source "ChessBase"]
[SourceDate "2021.10.06"]
[SourceVersion "1"]
[SourceVersionDate "2021.10.06"]
[SourceQuality "1"]

1. e4 d5 2. exd5 Qxd5 3. Nc3 Qd6 4. Nf3 c6 5. Be2 Nf6 6. 0-0 Bg4 7. h3 Bh5 8. d4 Nbd7 9. Bg5 e6 10. Qd2 Qc7 11. Rad1 Bd6 12. Rfe1 0-0 13. Nh4 Bxe2 14. Rxe2 Qb6 15. Nf3 Qc7 16. Ne5 Nxe5 17. Bxf6 gxf6 18. dxe5 Bxe5 19. Qh6 Rad8 20. Rde1 Bxc3 21. bxc3 Rd5 22. Re4 Rg5 23. Rh4 Rg7 24. Qxf6 Qd8 25. Qd4 Qd5 26. Rg4 Qxd4 27. Rxd4 Re8 28. Rd7 f6 29. Red1 Ree7 30. Rd8+ Kf7 31. g3 Rg5 32. R1d7 Ra5 33. Rxe7+ Kxe7 34. Rh8 b5 35. Rxh7+ Kd6 36. Rb7 Ke5 37. h4 Kf5 38. Rc7 Rxa2 39. Rxc6 Rxc2 40. Rc5+ Kg6 41. Rxb5 Rxc3 42. Rb7 a5 43. Ra7 Rc1+ 44. Kg2 Ra1 45. g4 a4 46. h5+ Kh6 47. Rf7 Re1 48. Rxf6+ Kg7 49. Rf4 a3 50. Ra4 Ra1 51. g5 1-0

[Event "Privolzhskogo FO-ch (Women)"]
[Site "Izhevsk"]
[Date "2010.01.07"]
[Round "6"]
[White "Karavaeva, Nadezhda"]
[Black "Rashitova, Gulnara"]
[Result "1-0"]
[WhiteElo "2006"]
[BlackElo "1838"]
[PlyCount "96"]
[EventDate "2010.01.04"]
[EventType "swiss"]
[EventRounds "9"]
[EventCountry "RUS"]
[SourceTitle "CBM 134 Extra"]
[Source "ChessBase"]
[SourceDate "2010.03.03"]
[SourceVersion "1"]
[SourceVersionDate "2010.03.03"]
[SourceQuality "1"]

1. e4 e5 2. Nf3 Nc6 3. Bb5 a6 4. Ba4 Nf6 5. 0-0 d6 6. Re1 Be7 7. c3 Bg4 8. d3 0-0 9. Nbd2 Nd7 10. Nf1 Nc5 11. Bc2 f5 12. exf5 Bxf5 13. Ne3 Bg6 14. d4 Bxc2 15. Nxc2 e4 16. dxc5 exf3 17. Nd4 Nxd4 18. Qxd4 Kh8 19. cxd6 Bxd6 20. Be3 fxg2 21. Qg4 c5 22. Rad1 Qc7 23. Qxg2 Rf6 24. Rd5 Re8 25. Red1 Rg6 26. Rg5 Rxg5 27. Bxg5 Re6 28. Kf1 h6 29. Bh4 Qf7 30. Bg3 Bxg3 31. hxg3 Re5 32. b3 c4 33. Rd8+ Kh7 34. f4 Qf5 35. Qf2 Qb1+ 36. Kg2 Qe4+ 37. Qf3 Qc2+ 38. Kh3 Re2 39. g4 h5 40. gxh5 Qf5+ 41. Kg3 Rxa2 42. bxc4 Qc2 43. Rd3 Qh2+ 44. Kg4 Rg2+ 45. Kf5 Qg1 46. Qxb7 Qf1 47. Qe4 Re2 48. Qc6 Re5+ 1-0

[Event "St Petersburg Rudenko Memorial (Women)"]
[Site "St Petersburg"]
[Date "2009.09.01"]
[Round "7"]
[White "Karavaeva, Nadezhda"]
[Black "Efremova, Daria"]
[Result "1-0"]
[WhiteElo "1958"]
[BlackElo "1884"]
[PlyCount "95"]
[EventDate "2009.08.24"]
[EventType "swiss"]
[EventRounds "9"]
[EventCountry "RUS"]
[SourceTitle "CBM 132 Extra"]
[Source "ChessBase"]
[SourceDate "2009.11.03"]
[SourceVersion "1"]
[SourceVersionDate "2009.11.03"]
[SourceQuality "1"]

1. e4 e6 2. d4 d5 3. Nd2 Nf6 4. e5 Nfd7 5. Bd3 c5 6. c3 b6 7. Ne2 Ba6 8. Nf3 Bxd3 9. Qxd3 Nc6 10. 0-0 Be7 11. Bf4 c4 12. Qe3 h6 13. Bg3 b5 14. Nd2 Qb6 15. f4 g6 16. Kh1 b4 17. Rfb1 Na5 18. Qf3 Rc8 19. h4 h5 20. Qf1 Nb8 21. Qd1 Nbc6 22. Nf3 Bd8 23. Qa4 b3 24. Nd2 0-0 25. axb3 cxb3 26. f5 Ne7 27. fxg6 fxg6 28. Nf4 Nf5 29. Bh2 Qc6 30. Qxc6 Rxc6 31. Nxg6 Rf7 32. Rg1 Ne3 33. Nf4 Ng4 34. Bg3 Rf5 35. Ra3 Bb6 36. Nf3 Nf2+ 37. Bxf2 Rxf4 38. Bg3 Rg4 39. Kh2 Bd8 40. Kh3 a6 41. Rga1 Re4 42. Ng1 Re3 43. Kh2 Rcxc3 44. bxc3 b2 45. Rb1 Nc4 46. Rb3 Nd2 47. R1xb2 Nxb3 48. Rxb3 1-0

[Event "St Petersburg Rudenko Memorial (Women)"]
[Site "St Petersburg"]
[Date "2009.08.31"]
[Round "6"]
[White "Belenkaya, Dina"]
[Black "Karavaeva, Nadezhda"]
[Result "1/2-1/2"]
[WhiteElo "2028"]
[BlackElo "1958"]
[PlyCount "206"]
[EventDate "2009.08.24"]
[EventType "swiss"]
[EventRounds "9"]
[EventCountry "RUS"]
[SourceTitle "CBM 132 Extra"]
[Source "ChessBase"]
[SourceDate "2009.11.03"]
[SourceVersion "1"]
[SourceVersionDate "2009.11.03"]
[SourceQuality "1"]

1. e4 c5 2. Nf3 e6 3. d4 cxd4 4. Nxd4 a6 5. Bd3 Nf6 6. 0-0 Qc7 7. c4 Bc5 8. Nb3 Be7 9. Nc3 b6 10. f4 d6 11. e5 Nfd7 12. exd6 Bxd6 13. Ne4 Be7 14. Qg4 0-0 15. Qh3 f5 16. Ng5 Bxg5 17. fxg5 Nc6 18. Bf4 Qa7 19. Rae1 Nc5 20. Nxc5 bxc5 21. Be5 Bd7 22. Qe3 Nxe5 23. Qxe5 Rac8 24. Qf4 Qb8 25. Rf2 Qxf4 26. Rxf4 Rb8 27. Rf2 g6 28. Re5 Rfc8 29. Bf1 Rb6 30. Rd2 Ba4 31. g3 Kf7 32. Kf2 Be8 33. Ke3 Ke7 34. Be2 a5 35. Bf3 Kf7 36. Kf4 a4 37. Bd1 Ke7 38. Ke3 Rd6 39. Rxd6 Kxd6 40. Kf4 Rb8 41. Re2 Rb4 42. Rd2+ Ke7 43. b3 axb3 44. axb3 Rb6 45. Ke5 Bd7 46. h4 Bc8 47. Ra2 Ra6 48. Ra4 Bb7 49. Be2 Rd6 50. Ra7 Rd7 51. Bf1 Bc6 52. Ra6 Rc7 53. Rb6 Bd7 54. Bg2 Ra7 55. Bc6 Ra1 56. Bxd7 Re1+ 57. Kf4 e5+ 58. Kf3 Kxd7 59. Rb7+ Ke8 60. Rxh7 Rb1 61. Rb7 e4+ 62. Ke2 Rb2+ 63. Kf1 Rd2 64. Rb6 Kf7 65. Rf6+ Kg7 66. Rc6 Rd3 67. Rxc5 Rxb3 68. Kg2 Rb2+ 69. Kh3 Rc2 70. Rc6 Rc3 71. Kg2 Rc2+ 72. Kf1 Rc3 73. Kf2 Rf3+ 74. Kg2 Rc3 75. c5 Rc2+ 76. Kf1 Rc3 77. Kf2 Rf3+ 78. Kg2 Rc3 79. Rc8 Rc2+ 80. Kf1 Rc3 81. Kf2 Rf3+ 82. Kg2 Rc3 83. c6 Rc2+ 84. Kf1 Rc3 85. c7 Rc2 86. Ke1 Rc3 87. Ke2 Rc1 88. Ke3 Rc4 89. Kf4 Rc5 90. g4 e3 91. h5 Rc4+ 92. Kxe3 fxg4 93. h6+ Kh7 94. Kf2 Rc3 95. Kg2 g3 96. Kh3 Rc5 97. Kg2 Rc3 98. Re8 Rxc7 99. Kxg3 Rc4 100. Re7+ Kh8 101. Rg7 Rg4+ 102. Kf3 Rxg5 103. Kf4 Rh5 1/2-1/2

[Event "St Petersburg Rudenko Memorial (Women)"]
[Site "St Petersburg"]
[Date "2009.08.28"]
[Round "3"]
[White "Karavaeva, Nadezhda"]
[Black "Manina, Ksenia"]
[Result "1/2-1/2"]
[WhiteElo "1958"]
[BlackElo "2017"]
[PlyCount "93"]
[EventDate "2009.08.24"]
[EventType "swiss"]
[EventRounds "9"]
[EventCountry "RUS"]
[SourceTitle "CBM 132 Extra"]
[Source "ChessBase"]
[SourceDate "2009.11.03"]
[SourceVersion "1"]
[SourceVersionDate "2009.11.03"]
[SourceQuality "1"]

1. e4 c5 2. Nf3 Nc6 3. d4 cxd4 4. Nxd4 g6 5. c4 Bg7 6. Be3 Nf6 7. Nc3 d6 8. Be2 a6 9. 0-0 Bd7 10. Rc1 0-0 11. f4 e5 12. Nb3 Ne8 13. f5 b6 14. Nd5 Rb8 15. f6 Bh8 16. Bh6 Be6 17. Bxf8 Kxf8 18. Qd2 Nxf6 19. Qe3 Ng4 20. Bxg4 Bxg4 21. Qf2 Be6 22. Rfd1 Nd4 23. Nxd4 exd4 24. Rd3 Be5 25. Rf1 Kg7 26. Rf3 Bxd5 27. exd5 f6 28. Rd3 Rc8 29. b3 Rc5 30. Rxd4 Bxd4 31. Qxd4 b5 32. Re1 bxc4 33. bxc4 Rc7 34. Re6 Rf7 35. h3 Qc7 36. Qf4 Qc5+ 37. Kh1 g5 38. Qxd6 Qxc4 39. a3 a5 40. Re1 Qc7 41. Qxc7 Rxc7 42. d6 Rd7 43. Rd1 Kf7 44. Rd5 a4 45. Rd4 Ke6 46. Rxa4 Rxd6 47. Kh2 1/2-1/2

[Event "Voronezh op-B 13th"]
[Site "Voronezh"]
[Date "2009.06.20"]
[Round "9"]
[White "Karavaeva, Nadezhda"]
[Black "Korovin, Viktor"]
[Result "1-0"]
[WhiteElo "1958"]
[BlackElo "2058"]
[PlyCount "79"]
[EventDate "2009.06.12"]
[EventType "swiss"]
[EventRounds "9"]
[EventCountry "RUS"]
[SourceTitle "CBM 130 Extra"]
[Source "ChessBase"]
[SourceDate "2009.07.02"]
[SourceVersion "2"]
[SourceVersionDate "2009.07.15"]
[SourceQuality "1"]

1. e4 e6 2. d4 d5 3. Nd2 Nd7 4. c3 dxe4 5. Nxe4 Ngf6 6. Ng3 c5 7. Nf3 cxd4 8. Nxd4 a6 9. Bd3 b5 10. 0-0 Bb7 11. Re1 Nc5 12. Bf1 Be7 13. Qe2 Bd5 14. Bg5 h6 15. Bf4 Ra7 16. b3 0-0 17. c4 bxc4 18. bxc4 Ba8 19. Rad1 Rd7 20. Ndf5 exf5 21. Rxd7 Qxd7 22. Qxe7 Qc8 23. Re5 Nce4 24. Nxf5 Re8 25. Nd6 Nxd6 26. Qxd6 Rd8 27. Rc5 Qd7 28. Qxd7 Nxd7 29. Rc7 Nb6 30. Be3 Na4 31. Ra7 Be4 32. f3 Bg6 33. Rxa6 Rd1 34. Kf2 Nc3 35. Ra3 Nb1 36. Ra8+ Kh7 37. c5 Nc3 38. c6 Rb1 39. c7 Rb2+ 40. Kg3 1-0

[Event "Voronezh op-B 13th"]
[Site "Voronezh"]
[Date "2009.06.19"]
[Round "8"]
[White "Sukhareva, Valentina"]
[Black "Karavaeva, Nadezhda"]
[Result "0-1"]
[WhiteElo "2014"]
[BlackElo "1958"]
[PlyCount "70"]
[EventDate "2009.06.12"]
[EventType "swiss"]
[EventRounds "9"]
[EventCountry "RUS"]
[SourceTitle "CBM 130 Extra"]
[Source "ChessBase"]
[SourceDate "2009.07.02"]
[SourceVersion "2"]
[SourceVersionDate "2009.07.15"]
[SourceQuality "1"]

1. f4 d5 2. Nf3 Nf6 3. b3 Bf5 4. Bb2 Nbd7 5. Ne5 e6 6. e3 Nxe5 7. fxe5 Ne4 8. g3 Qg5 9. Qe2 0-0-0 10. Bg2 h5 11. d3 Nc5 12. Nd2 Be7 13. 0-0-0 h4 14. Qf2 Qg4 15. d4 Na6 16. Bf3 Qg6 17. c3 f6 18. Be2 Nb8 19. g4 Bc2 20. exf6 Bxd1 21. Rxd1 Bxf6 22. Nf3 Nd7 23. g5 Be7 24. Bd3 Qh5 25. Qg2 h3 26. Qg3 Bd6 27. Ne5 Nxe5 28. dxe5 Be7 29. Rg1 Rdf8 30. Kd2 Rf3 31. Qe1 Rhf8 32. Rf1 Qxg5 33. c4 Qg2+ 34. Kc3 Rxf1 35. Bxf1 Rxf1 0-1

[Event "Voronezh op-B 13th"]
[Site "Voronezh"]
[Date "2009.06.15"]
[Round "4"]
[White "Zhukov, Viktor Andreevich"]
[Black "Karavaeva, Nadezhda"]
[Result "1-0"]
[WhiteElo "2191"]
[BlackElo "1958"]
[PlyCount "71"]
[EventDate "2009.06.12"]
[EventType "swiss"]
[EventRounds "9"]
[EventCountry "RUS"]
[SourceTitle "CBM 130 Extra"]
[Source "ChessBase"]
[SourceDate "2009.07.02"]
[SourceVersion "2"]
[SourceVersionDate "2009.07.15"]
[SourceQuality "1"]

1. e4 c5 2. Nc3 e6 3. Nf3 a6 4. d4 cxd4 5. Nxd4 b5 6. Bd3 Bb7 7. 0-0 d6 8. a4 b4 9. Na2 Nf6 10. Re1 Be7 11. Bd2 a5 12. c3 bxc3 13. Nxc3 0-0 14. Kh1 Nc6 15. Ndb5 Ne5 16. Bc2 Nfg4 17. Qe2 Qb6 18. Rf1 h5 19. h3 Nf6 20. f4 Ng6 21. Be3 Qd8 22. Rad1 Qb8 23. Bg1 Rd8 24. Bh2 Ra6 25. f5 Ne5 26. fxe6 fxe6 27. Bb3 Qc8 28. Nd4 Nf7 29. Nxe6 Rb6 30. Nb5 Bxe4 31. Nxd8 Qxd8 32. Rxf6 Bxg2+ 33. Qxg2 Bxf6 34. Bxd6 Qe8 35. Bc5 Rb8 36. Nd6 1-0

[Event "Privolzhskogo FO-ch (Women)"]
[Site "Izhevsk"]
[Date "2009.01.07"]
[Round "7"]
[White "Karavaeva, Nadezhda"]
[Black "Bibilashvili, Anna"]
[Result "1-0"]
[WhiteElo "1949"]
[BlackElo "1914"]
[PlyCount "55"]
[EventDate "2009.01.04"]
[EventType "swiss"]
[EventRounds "9"]
[EventCountry "RUS"]
[SourceTitle "EXT 2010"]
[Source "ChessBase"]
[SourceDate "2010.11.25"]
[SourceVersion "1"]
[SourceVersionDate "2010.11.25"]
[SourceQuality "1"]

1. e4 c5 2. Nf3 d6 3. d4 cxd4 4. Nxd4 Nf6 5. Nc3 a6 6. Be2 e5 7. Nb3 Be6 8. 0-0 Be7 9. Be3 0-0 10. f3 Nbd7 11. Qe1 Qc7 12. Rd1 Rfd8 13. Kh1 b5 14. a3 Rac8 15. f4 exf4 16. Bxf4 Ne5 17. Nd4 Bc4 18. Nf5 Bxe2 19. Qxe2 Nc4 20. Nxe7+ Qxe7 21. Bg5 Nxb2 22. Bxf6 gxf6 23. Nd5 Qb7 24. Nxf6+ Kf8 25. Rd5 Qc6 26. Nxh7+ Ke7 27. Qf3 Qe8 28. Qf6+ 1-0

[Event "Privolzhskogo FO-ch (Women)"]
[Site "Izhevsk"]
[Date "2009.01.05"]
[Round "3"]
[White "Karavaeva, Nadezhda"]
[Black "Chetina, Elizaveta"]
[Result "1-0"]
[WhiteElo "1949"]
[BlackElo "1646"]
[PlyCount "133"]
[EventDate "2009.01.04"]
[EventType "swiss"]
[EventRounds "9"]
[EventCountry "RUS"]
[SourceTitle "EXT 2010"]
[Source "ChessBase"]
[SourceDate "2010.11.25"]
[SourceVersion "1"]
[SourceVersionDate "2010.11.25"]
[SourceQuality "1"]

1. e4 e5 2. Nf3 Nc6 3. Bb5 a6 4. Ba4 Nf6 5. 0-0 d6 6. Re1 Be7 7. c3 0-0 8. h3 b5 9. Bc2 Bb7 10. d3 h6 11. Nbd2 d5 12. exd5 Qxd5 13. Nf1 Bc5 14. Be3 Bxe3 15. Nxe3 Qd7 16. Qe2 Rfe8 17. Rad1 Nh5 18. d4 Nf4 19. Qf1 exd4 20. Nxd4 Qc8 21. Bf5 Ne6 22. Nxe6 fxe6 23. Bg4 Ne5 24. Bh5 Rf8 25. Qe2 c5 26. Ng4 Qc6 27. f3 Nxg4 28. Bxg4 Rae8 29. Qe5 Rf6 30. Rd6 Qc7 31. Rxe6 Qxe5 32. R6xe5 Rxe5 33. Rxe5 c4 34. Kf2 Rd6 35. Re7 Rb6 36. f4 Kf8 37. Rc7 Be4 38. Rd7 Rf6 39. g3 g6 40. Rd4 Bb1 41. a3 h5 42. Bd7 Ke7 43. g4 Rb6 44. Kg3 Bd3 45. gxh5 gxh5 46. Kh4 Rb7 47. Bc8 Rb6 48. Kxh5 Bg6+ 49. Kg5 Be8 50. Bg4 Rg6+ 51. Kh4 Rh6+ 52. Kg3 Bc6 53. f5 Rf6 54. Kf4 Ba8 55. Bh5 Bc6 56. Bg6 Rf8 57. h4 Rh8 58. Kg5 Bf3 59. h5 Bc6 60. f6+ Ke6 61. f7 Ke7 62. h6 Ba8 63. h7 Bb7 64. Kh6 Kf6 65. Rf4+ Ke5 66. f8Q Rxf8 67. Rxf8 1-0

[Event "Privolzhskogo FO-ch (Women)"]
[Site "Izhevsk"]
[Date "2009.01.05"]
[Round "2"]
[White "Shaydullina, Sandugach"]
[Black "Karavaeva, Nadezhda"]
[Result "1-0"]
[WhiteElo "2232"]
[BlackElo "1949"]
[PlyCount "175"]
[EventDate "2009.01.04"]
[EventType "swiss"]
[EventRounds "9"]
[EventCountry "RUS"]
[SourceTitle "EXT 2010"]
[Source "ChessBase"]
[SourceDate "2010.11.25"]
[SourceVersion "1"]
[SourceVersionDate "2010.11.25"]
[SourceQuality "1"]

1. d4 Nf6 2. c4 e6 3. Nc3 Bb4 4. Qc2 0-0 5. a3 Bxc3+ 6. Qxc3 d5 7. Bg5 Nbd7 8. cxd5 exd5 9. e3 h6 10. Bh4 c6 11. Bd3 Qe8 12. Ne2 Ne4 13. Qc2 Nb6 14. 0-0 f5 15. Rae1 Bd7 16. f3 Nd6 17. Bf2 Qf7 18. Nc3 Rae8 19. b3 Be6 20. Bg3 Rd8 21. Be5 Ne8 22. Ne2 Nd7 23. f4 Rc8 24. b4 Nb6 25. Rf3 Nc4 26. Bxc4 dxc4 27. Nc3 Nf6 28. Rg3 Nh5 29. Rh3 Rcd8 30. b5 Nf6 31. bxc6 bxc6 32. Rb1 Rd7 33. Rg3 Ng4 34. Rxg4 fxg4 35. e4 Qe7 36. Qa4 Rb7 37. Rb4 Rxb4 38. axb4 Rc8 39. Qa5 Qd7 40. Qa6 Bf7 41. Na4 g3 42. hxg3 Qg4 43. Kf2 Re8 44. Nc3 Qd7 45. Qa5 Bg6 46. Qc5 Bf7 47. f5 Qd8 48. Na4 Qg5 49. Bf4 Qf6 50. Nc3 Rd8 51. Ke3 Re8 52. Kf3 Rd8 53. Ne2 a6 54. g4 Qh4 55. Ng3 h5 56. gxh5 Bxh5+ 57. Ke3 Bf7 58. Qxc6 Qg4 59. d5 Qd1 60. Qxc4 Qe1+ 61. Kf3 Qd1+ 62. Kf2 Bxd5 63. exd5 Qxd5 64. Qxd5+ Rxd5 65. Ke3 a5 66. bxa5 Rxa5 67. Bd6 Kf7 68. Kf4 Ra2 69. Kf3 Ra5 70. Bf4 Ra3+ 71. Be3 Kf6 72. Ke4 Ra4+ 73. Kf3 Ra3 74. Kf4 Ra2 75. Ne4+ Kf7 76. g4 Ra4 77. Ke5 Ra5+ 78. Bc5 Ra1 79. g5 Re1 80. g6+ Kg8 81. Bf2 Rf1 82. Ke6 Ra1 83. Nd6 Ra2 84. Bd4 Re2+ 85. Be5 Kf8 86. f6 gxf6 87. Kxf6 Kg8 88. Nf5 1-0

[Event "RUS-ch (Women) 1st League 58th"]
[Site "Smolensk"]
[Date "2008.03.04"]
[Round "7"]
[White "Karavaeva, Nadezhda"]
[Black "Ivanova, Svetlana"]
[Result "1-0"]
[WhiteElo "1938"]
[BlackElo "1834"]
[PlyCount "85"]
[EventDate "2008.02.27"]
[EventType "swiss"]
[EventRounds "9"]
[EventCountry "RUS"]
[SourceTitle "CBM 123 Extra"]
[Source "ChessBase"]
[SourceDate "2008.05.06"]
[SourceVersion "1"]
[SourceVersionDate "2008.05.06"]
[SourceQuality "1"]

1. e4 e6 2. d4 d5 3. Nd2 Nf6 4. e5 Nfd7 5. Bd3 c5 6. c3 Nc6 7. Ne2 Qb6 8. Nf3 cxd4 9. cxd4 Bb4+ 10. Bd2 Bxd2+ 11. Qxd2 Qb4 12. Rc1 Qxd2+ 13. Nxd2 Nb6 14. 0-0 0-0 15. a3 Bd7 16. b4 a6 17. Nb3 Na4 18. Rc2 Rfc8 19. Rfc1 b5 20. f4 h6 21. g4 g6 22. Kf2 Be8 23. f5 g5 24. Ng3 Nb6 25. Ke3 Nc4+ 26. Bxc4 bxc4 27. Nc5 Nd8 28. Rf2 Rc6 29. Nh5 Ra7 30. fxe6 Nxe6 31. Nf6+ Kf8 32. Nxd5 Nxc5 33. bxc5 Bd7 34. Nf6 Rb7 35. Nxd7+ Rxd7 36. Rxc4 Rb7 37. Rc3 Rbc7 38. Ke4 Kg7 39. Rfc2 a5 40. d5 Ra6 41. c6 Ra8 42. d6 Rcc8 43. c7 1-0